00856cam a2200241 a 450000100100000000500170001000800410002704000290006805000210009708200210011810000370013924500730017625000110024926000420026030000210030265100380032365000350036165000340039691000330043004900090046395201250047299900170059700001995520200929170214.0770331s1969 pr b 000 0 spa d aDO-SdBNPbspacLCdBNPHU00aF1960b.M42 1969 ann*bM524p, 19691 aMellado Parsons, Ramón.94254910aPuerto Rico y occidente :bensayos pedagógicos /cRamón Mellado. a5a ed. aSan Juan, Puerto Rico :bEdil,c1969. a185 p. ;c22 cm. 0aPuerto RicoxCivilization.942550 0aEducationzPuerto Rico.929346 0aCivilization, western.942551 aCatalogación derivada / LC aBNGR 001054708MOaGRbGRcCTd2010-07-09iLF1l0onn* M524p, 1969p19955-10r2020-06-25w2020-06-25y4ZPréstamo en sala c19468d19468